000 00596nam1a22002051i 4500
001 rc\2853662
005 20240726085854.0
035 _a(NLR Aleph) 007008401
090 _a5789528
_c5789528
100 _a20110706g19271929|||y0rusy50 ca
101 0 _arus
102 _aRU
105 _ay z |||||
200 1 _aСанитарная библиотека вожатого юных пионеров
_e№ 1-2, 9
210 _a[Харьков]
_cНаучная мысль
_d1927-1929
215 _d19 см
801 0 _aRU
_bNLR
_gpsbo
801 1 _aRU
_bELAR
_2rusmarc
852 _aNLR
_j61/1573
942 _cBOOK